Abeceda elektroúdržby : příčiny nejčastějších závad na elektrických zařízeních a jak je odstraňovat /

Uložené v:
Podrobná bibliografia
Hlavný autor: Soukup, František, 1903-1972 (Author)
Médium: Kniha
Jazyk:Czech
German
Vydané: Praha : Práce, 1955.
Vydanie:2., opr. a dopln. vyd.
Edícia:Knižnice Svazu zaměstnanců v energetice sv. 1
ISBN: (brož.)
Fyzický popis: 53 s. ;.
Tagy: Pridať tag
Žiadne tagy, Buďte prvý kto otaguje tento záznam!

MARC

LEADER 00000nam a22000001 4500
001 000095021
005 20091105010502.0
008 981228s1955 xr e cze d
020 |a (brož.) 
040 |a SVKKK  |b slo  |c SVKKK  |e AACR2 
041 0 |a cze  |a ger 
044 |a xr  |c CZ 
100 1 |a Soukup, František,  |d 1903-1972  |4 aut 
245 1 0 |a Abeceda elektroúdržby :  |b příčiny nejčastějších závad na elektrických zařízeních a jak je odstraňovat /  |c František Soukup ; predslov: Josef Jirásek. 
250 |a 2., opr. a dopln. vyd. 
260 |a Praha :  |b Práce,  |c 1955. 
300 |a 53 s. ;. 
366 |e 10300 výt. 
490 1 |a Knižnice Svazu zaměstnanců v energetice  |v sv. 1 
830 0 |a Knižnice Svazu zaměstnanců v energetice  |v sv. 1 
910 |a svkkk 
998 |a BK 
090 |g SCKHL  |k Sklad Pribinova 2. posch.  |a II.24156  |j 93493  |i 95021-10  |s Prezenčne